Busiest US Airports - Statistics

General Stats
  • This quiz has been taken 123 times
  • The average score is 17 of 20
Answers on the Map
Answers color-coded by a green-red scale on the quiz's map according to % correct below.
 
Answer Stats
Answer % Correct
Los Angeles International Airport
98%
Harry Reid International Airport
96%
John F. Kennedy International Airport
95%
Miami International Airport
95%
Dallas/Fort Worth International Airport
93%
Hartsfield–Jackson Atlanta International Airport
93%
San Francisco International Airport
93%
Logan International Airport
92%
Seattle-Tacoma International Airport
92%
Orlando International Airport
89%
Denver International Airport
88%
Detroit Metropolitan Airport
87%
Minneapolis-Saint Paul International Airport
83%
George Bush International Airport
80%
Phoenix Sky Harbor International Airport
78%
O'Hare International Airport
77%
Newark Liberty International Airport
75%
LaGuardia Airport
73%
Charlotte Douglas International Airport
65%
Fort Lauderdale-Hollywood International Airport
64%
No matching quizzes found
Score Distribution
Percent of People with Each Score
Percentile by Number Answered
Your Score History
You have not taken this quiz